Reliability analysis of ferrocement structural elements /
محفوظ في:
| المؤلف الرئيسي: | |
|---|---|
| التنسيق: | أطروحة كتاب |
| اللغة: | English |
| منشور في: |
1990.
|
| الموضوعات: | |
| الوسوم: |
إضافة وسم
لا توجد وسوم, كن أول من يضع وسما على هذه التسجيلة!
|
| LEADER | 00763cam a2200229 a 4500 | ||
|---|---|---|---|
| 001 | u148496 | ||
| 003 | SIRSI | ||
| 008 | 920321s1990 si v 00 1 eng m | ||
| 035 | |a AAR-3983 | ||
| 040 | |a UMM | ||
| 090 | |a TA445 |b On | ||
| 100 | 1 | 0 | |a On, Seng Hooi. |
| 245 | 1 | 0 | |a Reliability analysis of ferrocement structural elements / |c On Seng Hooi. |
| 260 | |c 1990. | ||
| 300 | |a xv, 167 leaves : |b ill. ; |c 30 cm. | ||
| 502 | |a Dissertation (M.Eng.) -- National University of Singapore, 1990. | ||
| 504 | |a Includes bibliographical references. | ||
| 650 | 0 | |a Reinforced concrete |x Testing. | |
| 650 | 0 | |a Reinforced concrete. |x Fatigue. | |
| 948 | |a 21/03/1992 |b 28/03/1992 | ||
| 596 | |a 1 | ||
| 999 | |a TA445 ON. |w LC |c 1 |i A011065500 |d 27/9/1997 |l STACKS |m P01UTAMA |n 2 |r Y |s Y |t TESIS |u 3/4/1992 | ||
